Statistiken für Regionen Aserbaidschans

Klicken Sie hier um das Quiz zu spielen!

Allgemein

  • Dieses Quiz wurde 10 mal gespielt
  • Das Durchschnittsergebnis liegt bei 7 aus 76

Antworten auf der Karte

Die Antworten werden auf der Karte rot bzw. grün angezeigt, abhängig davon wie oft sie richtig erraten wurden.
 

Antwortstatistiken

Rayon% Korrekt
Baku
75%
Naxçıvan
38%
Oğuz
38%
Ağdam
25%
Bərdə
25%
Culfa
25%
İmişli
25%
Ucar
25%
Ağcabədi
13%
Ağdaş
13%
Ağsu
13%
Babək
13%
Biləsuvar
13%
Cəbrayıl
13%
Cəlilabad
13%
Füzuli
13%
Gədəbəy
13%
Goranboy
13%
Göyçay
13%
İsmayıllı
13%
Laçın
13%
Mingəçevir
13%
Neftçala
13%
Ordubad
13%
Qax
13%
Qəbələ
13%
Qobustan
13%
Quba
13%
Qusar
13%
Saatlı
13%
Samux
13%
Şəki
13%
Şəki
13%
Şərur
13%
Şirvan
13%
Sumqayıt
13%
Şuşa
13%
Tərtər
13%
Xocavənd
13%
Yevlax
13%
Yevlax
13%
Zaqatala
13%
Zərdab
13%
Abşeron
0%
Ağstafa
0%
Astara
0%
Balakən
0%
Beyləqan
0%
Daşkəsən
0%
Gəncə
0%
Göygöl
0%
Hacıqabul
0%
Kəlbəcər
0%
Kəngərli
0%
Kürdəmir
0%
Lənkəran
0%
Lənkəran
0%
Lerik
0%
Masallı
0%
Naftalan
0%
Qazax
0%
Qubadlı
0%
Sabirabad
0%
Şabran
0%
Şahbuz
0%
Salyan
0%
Şamaxı
0%
Sədərək
0%
Şəmkir
0%
Siyəzən
0%
Tovuz
0%
Xaçmaz
0%
Xızı
0%
Xocalı
0%
Yardımlı
0%
Zəngilan
0%

Verteilung der Resultate

Perzentil nach korrekt beantworteten Fragen

Anzahl Personen mit jedem Resultat

Ihre Resultats-Entwicklung

Sie haben dieses Quiz noch nicht gespielt